01080nam a22001937a 450000500170000000800410001702000180005804000070007604100080008308200210009110000160011224500240012826000320015230000280018436500750021252005420028765000400082970000170086920240219115412.0240209b ||||| |||| 00| 0 eng d a9781788821292 cAL aeng 223a591.82bCARA aMell Carter aAnimal cell culture aLondonbED-Tech Pressc2022 ax,304p.bHBc26x18.5cm. 2GeneralaKBI/23-24/214b₹13613.00c₹d₹18150.00e25%f18-01-2024 aCell culture refers to the removal of cells from an animal or plant and their subsequent growth in a favorable artificial environment. The cells may be removed from the tissue directly and disaggregated by enzymatic or mechanical means before cultivation, or they may be derived from a cell line or cell strain that has already been established. Stem cells retain the capacity to self-renew as well as to produce progeny with a restricted mitotic potential and restricted range of distinct types of differentiated cell they give rise to. 2AnimalsaNatural history of animals aHunt, Jordan